General Knowledge Quiz #169 - Statistics

General Stats
  • This quiz has been taken 79,889 times
    31,474 since last reset
  • The average score is 11 of 20
Answer Stats
Question Answer % Correct
What country has the most nuclear weapons in its arsenal? Russia
95%
What three languages was the Bible originally written in? Hebrew
84%
What mineral deficiency prevents many women under the age of 50 from donating blood? Iron
77%
What was the first city to have a neighborhood known as "Soho"? London
75%
What rare disease sparked international concern after killing thousands in West Africa in 2014? Ebola
68%
What is the last name of actors Macaulay and Kieran? Culkin
66%
What three languages was the Bible originally written in? Greek
64%
What is the only country where Kurdish is an official language? Iraq
62%
What gland, starting with the letter P, helps regulate human growth? {Pituitary} gland
62%
In what activity might a world champion have an Elo rating of 2800? Chess
60%
What English-language name is equivalent to the Italian name Enrico? Henry
58%
What actress has a child named Apple, an ex-husband named Chris, and a company named Goop? Gwyneth Paltrow
48%
What is the only national capital whose names starts with Q? Quito
42%
What three languages was the Bible originally written in? Aramaic
38%
What tree-like creatures inhabited the land of Middle Earth? Ents
36%
What country's hereditary monarch traces his lineage back to 660 BC and claims descent from the sun goddess Amaterasu? Japan
36%
What does an autodidact do without the assistance of others? Learn
28%
What prefix is the opposite of the prefix "eu"? Dys
26%
What was Albert Einstein's day job when he devised the theory of special relativity? {Patent} clerk
25%
What unit is officially defined as 9,192,631,770 cycles of radiation of a cesium-133 atom? Second
18%
No matching quizzes found
Score Distribution
Percent of People with Each Score
Percentile by Number Answered
Your Score History
You have not taken this quiz since the last reset